Angielski v2 - Statystyki

Ogólne statystyki
  • Ten quiz został rozwiązany 10 razy
  • Średni wynik to 11 z 46
Statystyki odpowiedzi
Hint Odpowiedź % Poprawnych
zamiast instead
100%
pozwolić sobie/ stać na to afford
43%
miesięczny budżet monthly budget
43%
otrzymany received
43%
odpowiedzialny responsible
43%
kwota amount
29%
średni dochód average income
29%
pośrednik/makler broker
29%
włamanie burglary
29%
rachunek bieżący current account
29%
dzielić divide
29%
stabilny finansowo financially stable
29%
zalanie/powódź flooding
29%
wiązać koniec z końcem make ends meet
29%
wiele prac multiple job
29%
rachunki telefoniczne phone bills
29%
kupic nieruchomość purchase property
29%
odnowić ubezpieczenie renew insurance
29%
zlecenie stałe standing order
29%
zaciągnąć kredyt hipoteczny take out a mortgage
29%
ochota Tempted
29%
kradzież theft
29%
roczne premium annual premium
14%
przelew bank transfers
14%
mieć prawo do czegoś be enitled to sth
14%
okradziony burgled
14%
pełne ubezpieczenie comprehensive insurance policy
14%
pokrywać covers
14%
wnieść o rozszczenie filed a claim
14%
stałe wydatki fixed expenses
14%
zrozumieć/połapać się w czymś get the hang of sth
14%
zadłużony in debt
14%
rozszczenie ubezpieczeniowe insurance claim
14%
agencja ubezpieczeniowa insurance company
14%
stopa procentowa interest rates
14%
w przeciwnym razie otherwise
14%
przekroczenie stanu konta/debet overdraft
14%
dokonać opłate payments make
14%
ubezpiecozny policyholder
14%
bardzo starannie przeczytać umowę/czytać drobny druczek read the small print
14%
zwrot/pokrycie kosztów reimbursement
14%
stojąca woda standing water
14%
wykupić ubezpiczenie take out insurance
14%
media/usługi komunalne utilities
14%
różnić się vary
14%
szkody majątkowe związane z pogodą weather-related property damage
14%
Nie znaleziono quizów pasujących do podanych kryteriów
Rozkład punktacji
Procent ludzi z każdym wynikiem
Percentyl według liczby udzielonych odpowiedzi
Twoja historia wyników
Nie rozwiązałeś tego quizu